| 000 | 01267nam a2200301 i 4500 | ||
|---|---|---|---|
| 003 | EG-ScBUE | ||
| 005 | 20231112131422.0 | ||
| 008 | 180212s1981 le f b 000 0bara d | ||
| 040 |
_aEG-ScBUE _bara _erda _cEG-ScBUE _dEG-ScBUE |
||
| 082 | 0 | 4 |
_a928.1 _bح س و _222 |
| 100 | 1 |
_aحسون، خليل بنيان، _eمؤلف. |
|
| 245 | 1 | 0 |
_aأشجع السلمي : _bحياته وشعره / _cالدكتور خليل بنيان الحسون. |
| 250 | _aالطبعة الأولى. | ||
| 264 | 1 |
_aبيروت : _bدار المسيرة، _c1981. |
|
| 300 |
_a288 صفحة ؛ _c24 سم |
||
| 336 |
_2rdacontent _aنص _btxt |
||
| 337 |
_aبدون وسيط _2rdamedia _bn |
||
| 338 |
_aمجلد _bnc _2rdacarrier |
||
| 500 | _aساعدت جامعة بغداد على نشر هذا الكتاب. | ||
| 504 | _aيشتمل على إرجاعات ببليوجرافية. | ||
| 600 | 0 | 7 |
_aأشجع السلمي، _dت. حو. 195 هـ. _2BUEsh |
| 650 | 7 |
_aالشعراء العرب _yالعصر العباسي الأول، 750-846 _vتراجم. _2BUEsh |
|
| 650 | 7 |
_aالشعر العربي _xتاريخ ونقد _yالعصر العباسي الأول، 750-846. _2BUEsh |
|
| 651 | _2BUEsh | ||
| 653 |
_bARALIT _bGGEN _cFebruary2018 |
||
| 655 | _vReading book | ||
| 942 | _2ddc | ||
| 999 |
_c26138 _d26110 |
||